00726cam a22002777a 45000010009000000050017000090080041000260100017000670150019000840160018001030200022001210350029001430350022001720350016001940350022002100350028002320400030002600410008002900420014002980800017003120820021003291000007003501010008003572450058003652460025004231444881420180313053852.0060712s2005 caua b 001 0 eng d a 2006279060 aGBA5817642bnb7 a0133011902Uk a0321293886 (pbk.) a(CStRLIN)NYUGB13279169-B a(NNU)NYUb13279169 a(PU)3957404 a(NYU)NYUb13279169 a(CStRLIN)PAUGV3957404-B aUKMcUKMdBAKERdNNUdDLC aeng alccopycat a006.7869 GON04a006.7869 GON2221 a28 aSHK10aMacromedia Flash Professional 8 :cby James Gonzalez.3 aFlash Professional 8